Mikroštruktúrna analýza zvarových spojov vysokopevných ocelí

Saved in:
Bibliographic Details
Main Author: Ďuriš, Andrej (Author)
Other Authors: Dománková, Mária (Thesis advisor)
Format: Manuscript Book
Language:Slovak
Published: 2016
Subjects:
Online Access:http://is.stuba.sk/zp/portal_zp.pl?podrobnosti=129168
Tags: Add Tag
No Tags, Be the first to tag this record!

MARC

LEADER 00000ntm a22000003a 4500
001 stuzp56724
003 SK-STU
005 20160719155057.1
007 ta
008 150427s2015----xo-----f-mn---000-0-slo-d
040 |a STU  |b slo 
041 0 |a slo 
100 1 |a Ďuriš, Andrej  |u 061000  |4 aut  |U MTF Materiálovotechnologická fakulta  |T MTF Ústav materiálov  |X 71465  |U M1000  |Y 81  |7 71465 
242 0 1 |a Microstructure analysis of welding joints on high strength steels  |y eng 
245 1 0 |a Mikroštruktúrna analýza zvarových spojov vysokopevných ocelí 
260 |c 2016 
650 4 |a vysokopevné ocele  |2 slo 
650 4 |a zváranie laserom  |2 slo 
650 4 |a mikrošktruktúra  |2 slo 
650 4 |a meranie tvrdosti  |2 slo 
650 4 |a high strength steels  |2 eng 
650 4 |a laser welding  |2 eng 
650 4 |a microstructure  |2 eng 
650 4 |a hardness measuring  |2 eng 
700 1 |a Dománková, Mária  |u 061000  |k Z1  |4 ths  |U MTF Materiálovotechnologická fakulta  |T MTF Ústav materiálov  |X 251  |U M1000  |Y 81  |7 A000000251 
856 4 |u http://is.stuba.sk/zp/portal_zp.pl?podrobnosti=129168 
996 |c M* BP-7536  |l MMSKP  |s P  |a 0  |w stuzp56724_0001 
SQL |a stuzp56724  |b DBP  |c SLO  |d Mikroštruktúrna analýza zvarových spojov vysokopevných ocelí  |e 71465  |f Ďuriš, Andrej  |g 061000  |h 251  |i Dománková, Mária  |j 20160622  |k 665  |l 06  |m http://is.stuba.sk/zp/portal_zp.pl?podrobnosti=129168  |n B-MI  |o 5.2.26. materiály